| 000 | 00642nam a22001937a 4500 | ||
|---|---|---|---|
| 005 | 20251108172340.0 | ||
| 008 | 250721s1995 xx 000 0 ara d | ||
| 082 | 1 | 4 | _a336.20962/مور |
| 100 | 1 | _aصادق، موريس | |
| 245 | 1 | 0 |
_aمنازعات ضريبة المبيعات : _bالإعفاء من الضريبة - إسقاط الضريبة - جرائم الضريبة و التصالح - الطعن في الضريبة / |
| 250 | _aط2 | ||
| 264 | 1 |
_aالقاهرة : _c1995. |
|
| 300 | _a68ص | ||
| 650 | 1 | 7 | _aالضرائب |
| 650 | 1 | 7 | _aمصر |
| 650 | 1 | 7 | _aضريبة المبيعات |
| 942 |
_2ddc _cBK |
||
| 999 |
_c76915 _d76915 |
||